| 000 | 00907cam a22002534a 4500 | ||
|---|---|---|---|
| 001 | sa 65004661 | ||
| 003 | DLC | ||
| 005 | 20260227112132.0 | ||
| 008 | 890825s1965 ii b 000 0 hino | ||
| 010 | _asa 65004661 | ||
| 035 | _a(OCoLC)20258306 | ||
| 040 |
_aDLC _cDLC _dDLC |
||
| 050 | 0 | 0 |
_aPK1939 _b.S35 |
| 100 | 1 |
_aŚarmā, Omprakāśa, _d1924 September 24-1984. |
|
| 245 | 1 | 0 |
_aRītikālīna alaṅkāra-sāhitya kā śāstrīya vivecana / _cOmprakāśa Śarmā. |
| 250 | _a1. saṃskaraṇa. | ||
| 260 |
_aDillī : _bHindī Sāhitya Saṃsāra, _c1965. |
||
| 300 |
_a12, 552 p. ; _c24 cm. |
||
| 546 | _aIn Hindi. | ||
| 500 | _a"Pañjāba Viśvavidyālaya dvāra Pī.-Eca. Ḍī. upādhi ke lie svīkr̥ta śodha-prabandha." | ||
| 504 | _aIncludes bibliographical references (p. [547]-552). | ||
| 650 | 0 |
_aHindi language _xRhetoric. |
|
| 650 | 0 |
_aHindi poetry _y1500-1800 _xHistory and criticism. |
|
| 999 |
_c63875 _d63875 |
||